000 03503cam a2200373 i 4500
001 16572199
003 OSt
005 20150408114107.0
008 101208t20112011enk b 001 0 eng
010 _a 2010051571
020 _a9780521552943 (hardback)
020 _a9780521557641 (paperback)
040 _aDLC
_beng
_cDLC
_erda
_dDLC
042 _apcc
050 0 0 _aP118.2
_b.M45 2011
082 0 0 _a418.0071
_222
_bMJF
084 _aLAN009000
_2bisacsh
100 1 _aMeisel, Jürgen M.,
_d1944-
_919185
245 1 0 _aFirst and Second Language Acquisition :
_bParallels and Differences /
_cJürgen M. Meisel, Universität Hamburg and University of Calgary.
260 _aCambridge :
_bCambridge University Press,
_c2011, ©2011.
300 _axviii, 302 pages ;
_c26 cm.
490 0 _aCambridge Textbooks in Linguistics
504 _aIncludes bibliographical references and indexes (pages 270-294).
505 8 _aMachine generated contents note: 1. The quest for the LAD; 2. First language development - Universal Grammar as the centerpiece of the human language making capacity; 3. Obvious (observable) similarities and differences between first and second language acquisition - developmental sequences; 4. The initial state and beyond; 5. Developing grammatical knowledge - parameter setting and inductive learning; 6. Neural maturation and age - opening and closing windows of opportunities; 7. A (tentative) theory of language acquisition - L1, 2L1, and L2.
520 _a"Infants and very young children develop almost miraculously the ability of speech, without apparent effort, without even being taught - as opposed to the teenager or the adult struggling without, it seems, ever being able to reach the same level of proficiency as five year olds in their first language. This useful textbook serves as a guide to different types of language acquisition: monolingual and bilingual first language development and child and adult second language acquisition. Unlike other books, it systematically compares first and second language acquisition, drawing on data from several languages. Research questions and findings from various subfields are helpfully summarized to show students how they are related and how they often complement each other. The essential guide to studying first and second language acquisition, it will be used on courses in linguistics, modern languages and developmental psychology"--
520 _a"This is an introduction to the study of the human Language Making Capacity. More accurately, it is a textbook presenting research questions and research results referring to specific manifestations of this capacity in monolingual and bilingual first language acquisition and child and adult second language acquisition. A more comprehensive treatment of this subject would have to address other aspects as well, for example, the genesis and change of languages, creolization and pidginization, language attrition and loss, impaired acquisition, and so forth"--
650 0 _aSecond language acquisition.
_918960
650 0 _aLanguage and languages
_xStudy and teaching.
_99720
650 7 _aLANGUAGE ARTS & DISCIPLINES / Linguistics / General
_2bisacsh.
_94111
856 4 2 _3Cover image
_uhttp://assets.cambridge.org/97805215/52943/cover/9780521552943.jpg
906 _a7
_bcbc
_corignew
_d1
_eecip
_f20
_gy-gencatlg
942 _2ddc
_cDVD
999 _c26693
_d261193